[Event "Rohde op 09th"]
[Site "Sautron"]
[Date "2009.10.30"]
[Round "8"]
[White "Hui Bon Hoa, Edmond"]
[Black "Labatut, Kevin"]
[Result "0-1"]
[WhiteElo "1782"]
[BlackElo "1580"]
[PlyCount "66"]
[EventDate "2009.10.24"]
[EventType "swiss"]
[EventRounds "9"]
[EventCountry "FRA"]
[SourceTitle "EXT 2010"]
[Source "ChessBase"]
[SourceDate "2010.11.25"]
[SourceVersion "1"]
[SourceVersionDate "2010.11.25"]
[SourceQuality "1"]

1. e4 d5 2. exd5 Qxd5 3. Nc3 Qa5 4. d4 Nf6 5. h3 Bf5 6. Nf3 e6 7. a3 c6 8. Bd3 Bxd3 9. Qxd3 Nbd7 10. 0-0 Qc7 11. Be3 Bd6 12. Ne2 0-0 13. c4 Rfd8 14. c5 Be7 15. Qc2 Nd5 16. Bg5 N7f6 17. Nc3 h6 18. Nxd5 Nxd5 19. Bxe7 Qxe7 20. Ne5 Nf4 21. Nf3 Qf6 22. Qe4 Rd5 23. Kh2 Rh5 24. Kg3 Rf5 25. Kh2 h5 26. g3 Ng6 27. Kg2 Rd8 28. b4 Rdd5 29. g4 hxg4 30. hxg4 Rxf3 31. Ra2 Rxd4 32. Qxd4 Nh4+ 33. Kh2 Qxd4 0-1